000 00505nmm a2200169Ia 4500
008 251105s9999||||xx |||||||||||||||||und||
020 _a9788497429702
041 _aspa
100 _aSamaniego, Félix María de
245 0 _aMedicina fantástica de espíritu
264 _a[Madrid, España] :
_bBiblioteca Nueva,
_c2010
300 _a240 páginas
490 _aClásicos de Biblioteca Nueva
650 _aSpanish literature
856 _uhttps://public.digitaliapublishing.com/a/6216
942 _cCF
999 _c90476
_d90476